00357nam a2200121Ia 4500008004100000100002200041245006100063245003700124260000900161300000800170650001300178856004400191170221s9999 xx 000 0 und d aO'Meara, Taleitha aCompulsory Annuitisation: A Policy Option for Australia? cTaleitha O'Meara and Aaron Bruhn c2014 a4 : xBusiness uhttp://ro.uow.edu.au/aabfj/vol7/iss3/2/